Home Print Resources E-Books E-Journals IIMT Lecture Series Library Membership Form Book Recommendation Form Campus Tour Take AdmissionAbout Us Contact Us

IDENTIFICATION OF NODE FAILURE AND LINK FAILURE AND IMPROVE THE QUALITY OF SERVICE IN MANET USING HPO OPTIMIZATION AND MAINTAIN THE NETWORK SECURITY (Record no. 56408)

000 -LEADER
fixed length control field nam a22 7a 4500
003 - CONTROL NUMBER IDENTIFIER
control field OSt
005 - DATE AND TIME OF LATEST TRANSACTION
control field 20230322124903.0
008 - FIXED-LENGTH DATA ELEMENTS--GENERAL INFORMATION
fixed length control field 230322b xxu||||| |||| 00| 0 eng d
040 ## - CATALOGING SOURCE
Transcribing agency IIMT UNIVERSITY
100 ## - MAIN ENTRY--PERSONAL NAME
Personal name KUMAR, SUNIL
245 ## - TITLE STATEMENT
Title IDENTIFICATION OF NODE FAILURE AND LINK FAILURE AND IMPROVE THE QUALITY OF SERVICE IN MANET USING HPO OPTIMIZATION AND MAINTAIN THE NETWORK SECURITY
260 ## - PUBLICATION, DISTRIBUTION, ETC.
Place of publication, distribution, etc. MEERUT
Name of publisher, distributor, etc. IIMT UNIVERSITY
Date of publication, distribution, etc. 2023
300 ## - PHYSICAL DESCRIPTION
Extent 217
942 ## - ADDED ENTRY ELEMENTS (KOHA)
Source of classification or shelving scheme
Koha item type Reference Book
Holdings
Withdrawn status Lost status Source of classification or shelving scheme Damaged status Not for loan Home library Current library Date acquired Source of acquisition Cost, normal purchase price Inventory number Full call number Barcode Date last seen Copy number Uniform Resource Identifier Price effective from Koha item type
          IIMT University Central Library Meerut IIMT University Central Library Meerut 03/22/2023 IIMT UNIVERSITY 0.00 000 001.4 K49I 01-T-1 03/22/2023 1 optimization of Mobile Ad-hoc Network 03/22/2023 Reference Book
IIMT, Central Library. All Rights Reserved IIMT,UNIVERSITY © 2023
Implemented and Customised by I CLOUDE EMS
You Are OPAC Visitor No
free web counter

Powered by Koha